Krvavá sekera /
Krvavá sekera je pokračování série kriminálních příběhů s detektivem Baumannem, které volně navazuje na předchozí tituly Krvavý náhrobek, Vražda na zámku a Vražda ve fastfoodu.
Uloženo v:
| Série: | Erik Baumann,
část 4 |
|---|---|
| Hlavní autor: | |
| Médium: | Kniha |
| Jazyk: | Czech |
| Vydáno: |
Praha :
Lirego,
2026
|
| Vydání: | Vydání první |
| Témata: | |
| Celkem bylo vypůjčeno: | 0x |
| Příbuzné jednotky: | Z cyklu::
Erik Baumann |
| Tagy: |
Žádné tagy |
| LEADER | 02113nam a2200385 i 4500 | ||
|---|---|---|---|
| 001 | 106667 | ||
| 003 | CZ PrNK | ||
| 005 | 20260630073556.0 | ||
| 007 | ta | ||
| 008 | 260616s2026 xr g 000 f cze | ||
| 015 | |a cnb003764782 | ||
| 020 | |a 9788088437291 |q (vázáno) | ||
| 040 | |a ABG001 |b cze |e rda | ||
| 072 | 7 | |a 821.162.3-3 |x Česká próza |2 Konspekt |9 25 | |
| 080 | |a 821.162.3-31 |2 MRF | ||
| 080 | |a (0:82-312.4) |2 MRF | ||
| 100 | 1 | |a Bártová, Anna Beatrix, |d 1985- |7 jo2016900395 |4 aut |9 111887 | |
| 245 | 1 | 0 | |a Krvavá sekera / |c Anna Beatrix Bártová |
| 250 | |a Vydání první | ||
| 264 | 1 | |a Praha : |b Lirego, |c 2026 | |
| 300 | |a 238 stran ; |c 21 cm | ||
| 336 | |a text |b txt |2 rdacontent | ||
| 337 | |a bez média |b n |2 rdamedia | ||
| 338 | |a svazek |b nc |2 rdacarrier | ||
| 520 | 2 | |a Krvavá sekera je pokračování série kriminálních příběhů s detektivem Baumannem, které volně navazuje na předchozí tituly Krvavý náhrobek, Vražda na zámku a Vražda ve fastfoodu. |b Rodinný domek na okraji města v sobě dodnes nese děsivou pachuť masakru. Stopy po sekeře, která kdysi ukončila životy manželského páru, jako by byly vryty hlouběji než jen do samotných zdí. Viník sedí za mřížemi. Jenže minulost se vrací. Je vrah stále na svobodě, nebo jen někdo napodobil jeho styl? Erik Baumann řeší další složitý případ. Rodinná situace obětí i podezřelých mu pátrání nijak neusnadňuje. Naštěstí je tady bývalá novinářka Julie, která se vždy ráda ponoří do minulosti. Podaří se jim i tentokrát usvědčit skutečného pachatele? Nakladatelská anotace. | |
| 655 | 7 | |a české romány |7 fd133974 |2 czenas |9 54031 | |
| 655 | 7 | |a detektivní romány |7 fd132010 |2 czenas |9 53536 | |
| 655 | 9 | |a Czech fiction |2 eczenas | |
| 655 | 9 | |a detective novels |2 eczenas | |
| 710 | 2 | |a LIREGO (nakladatelství) |7 xx0257421 |4 pbl |9 117293 | |
| 787 | 0 | 8 | |i Z cyklu: |t Erik Baumann |g 4 |
| 910 | |a UOG502 | ||
| 942 | |2 ddc |c KN | ||
| 999 | |d 106667 | ||
| 993 | |0 0 |1 421180107391 |2 ddc |4 0 |7 0 |9 100162 |b 0 |c 107391 |d 2026-06-30 |e 0 |f DOSP |h 399.00 |i Koupě |l DOSP |r 2026-06-30 |t 6 |w 2026-06-30 |y KN |z KRIMI |n | ||